[Event "24th Mikhail Chigorin Memorial"]
[Site "Sochi URS"]
[Date "1990.??.??"]
[Round "?"]
[White "Beshukov, Sergei"]
[Black "Bykhovsky, Avigdor"]
[WhiteElo "2335"]
[BlackElo "2480"]
[Result "0-1"]
[EventDate "1990.??.??"]
[PlyCount "94"]

1. e4 c5 2. Nf3 Nc6 3. d4 cxd4 4. Nxd4 Nf6 5. Nc3 d6 6. Be2 e5 7. Nf3 h6 8. O-O Be7 9. Re1 O-O 10. h3 a6 11. Bf1 Re8 12. b3 Bf8 13. Bb2 b6 14. Nb1 b5 15. Nbd2 Bb7 16. c4 b4 17. g3 Qb6 18. Bg2 Nd8 19. Nh2 Ne6 20. Qe2 a5 21. Nhf1 Nc5 22. Kh2 a4 23. f3 h5 24. h4 g6 25. Rab1 axb3 26. axb3 Ra2 27. Ne3 Bh6 28. Bc1 Rea8 29. Nd1 Ne6 30. Nb2 Nd4 31. Qd1 Qa7 32. Nd3 Nc2 33. Re2 Nd4 34. Re1 Qa5 35. c5 Ba6 36. Nc4 Bxc4 37. Bxh6 Bxd3 38. Qxd3 dxc5 39. Rec1 Nxf3+ 40. Qxf3 Ng4+ 41. Kh3 Nxh6 42. Qe3 Ng4 43. Qxc5 Qxc5 44. Rxc5 Re2 45. Rf1 Raa2 46. Rc8+ Kg7 47. Rc7 Nf6 0-1

[Event "24th Mikhail Chigorin Memorial"]
[Site "Sochi URS"]
[Date "1990.??.??"]
[Round "?"]
[White "Beshukov, Sergei"]
[Black "Fischer, Joerg"]
[WhiteElo "2335"]
[BlackElo "2325"]
[Result "1/2-1/2"]
[EventDate "1990.??.??"]
[PlyCount "126"]

1. e4 e5 2. Nf3 Nc6 3. Bc4 Be7 4. c3 d6 5. d3 Na5 6. Bb5+ Bd7 7. Ba4 Bxa4 8. Qxa4+ Nc6 9. Nbd2 Nf6 10. Nf1 O-O 11. Ng3 g6 12. O-O Qd7 13. Bh6 Rfe8 14. Qb3 a5 15. a4 Ra6 16. Be3 Ng4 17. Qxb7 Nxe3 18. Qxa6 Nxf1 19. Nxf1 Rb8 20. Rb1 d5 21. exd5 Qxd5 22. Ne3 Qa2 23. Re1 Qxa4 24. Nc4 Bd6 25. b4 Qb5 26. Qxb5 Rxb5 27. bxa5 Nxa5 28. Nfxe5 Nxc4 29. Nxc4 Rb3 30. Nxd6 cxd6 31. Rc1 Rb2 32. g4 Kf8 33. Kg2 Rd2 34. d4 Rd3 35. Rc2 f5 36. gxf5 gxf5 37. f3 f4 38. Re2 Rxc3 39. Re6 Kf7 40. Rxd6 Rd3 41. Rd5 Kf6 42. h4 Rd1 43. Kf2 Rd2+ 44. Ke1 Rd3 45. Ke2 Re3+ 46. Kf2 Rd3 47. Kg2 Rd1 48. Rd7 Rd2+ 49. Kg1 Ke6 50. Rxh7 Rxd4 51. Kg2 Rd3 52. Rg7 Rd2+ 53. Kf1 Kf6 54. Rg4 Kf5 55. Kg1 Rd1+ 56. Kg2 Rd3 57. Rg5+ Kf6 58. Ra5 Kg6 59. h5+ Kh6 60. Rf5 Ra3 61. Rxf4 Kxh5 62. Rg4 Ra5 63. Kg3 Rg5 1/2-1/2

[Event "24th Mikhail Chigorin Memorial"]
[Site "Sochi URS"]
[Date "1990.??.??"]
[Round "?"]
[White "Beshukov, Sergei"]
[Black "Ikonnikov, Vyacheslav"]
[WhiteElo "2335"]
[BlackElo "2485"]
[Result "1/2-1/2"]
[EventDate "1990.??.??"]
[PlyCount "27"]

1. e4 c5 2. Nf3 Nc6 3. d4 cxd4 4. Nxd4 Nf6 5. Nc3 e5 6. Ndb5 d6 7. Bg5 a6 8. Na3 b5 9. Nd5 Be7 10. Bxf6 Bxf6 11. g3 Ne7 12. Nxf6+ gxf6 13. Bg2 Bb7 14. O-O 1/2-1/2

[Event "24th Mikhail Chigorin Memorial"]
[Site "Sochi URS"]
[Date "1990.??.??"]
[Round "?"]
[White "Beshukov, Sergei"]
[Black "Kholmov, Ratmir"]
[WhiteElo "2335"]
[BlackElo "2480"]
[Result "1/2-1/2"]
[EventDate "1990.??.??"]
[PlyCount "67"]

1. e4 e5 2. Nf3 Nc6 3. Bb5 a6 4. Ba4 Nf6 5. d4 exd4 6. O-O Be7 7. e5 Ne4 8. Nxd4 O-O 9. Nf5 d5 10. Bxc6 bxc6 11. Nxe7+ Qxe7 12. Re1 Re8 13. f3 Nd6 14. Bf4 Bf5 15. Nd2 Nb7 16. Nb3 Bg6 17. Qd2 a5 18. a4 Qb4 19. Nd4 Qxd2 20. Bxd2 c5 21. Nb5 Re7 22. c3 h6 23. Bf4 Nd8 24. e6 Nxe6 25. Bxc7 Bd3 26. Be5 Bxb5 27. axb5 Rb7 28. c4 dxc4 29. Rec1 f6 30. Bc3 Nd4 31. Bxd4 cxd4 32. Rxc4 Rxb5 33. b4 d3 34. Rd4 1/2-1/2

[Event "24th Mikhail Chigorin Memorial"]
[Site "Sochi URS"]
[Date "1990.??.??"]
[Round "?"]
[White "Beshukov, Sergei"]
[Black "Ruban, Vadim"]
[WhiteElo "2335"]
[BlackElo "2555"]
[Result "0-1"]
[EventDate "1990.??.??"]
[PlyCount "80"]

1. e4 c5 2. Nf3 d6 3. d4 cxd4 4. Nxd4 Nf6 5. Nc3 e6 6. f4 a6 7. Be3 b5 8. Qf3 Bb7 9. Bd3 Nbd7 10. a3 g6 11. Qh3 Bg7 12. O-O e5 13. Nf3 exf4 14. Bxf4 O-O 15. Kh1 Nc5 16. Rae1 d5 17. e5 Nh5 18. Bg5 f6 19. exf6 Bxf6 20. Bxf6 Qxf6 21. Ne5 Nf4 22. Qg3 Ncxd3 23. Nxd3 Nh5 24. Qf2 Qxf2 25. Rxf2 Rxf2 26. Nxf2 Rc8 27. Rd1 Re8 28. h3 Nf4 29. Kh2 Nxg2 30. Nxd5 Bxd5 31. Rxd5 Ne1 32. Ng4 Re2+ 33. Kg1 Nf3+ 34. Kf1 Rxc2 35. Rd7 Nh2+ 36. Ke1 Nxg4 37. hxg4 Rxb2 38. Ra7 Rg2 39. Rxa6 Rxg4 40. Ra7 Ra4 0-1

[Event "24th Mikhail Chigorin Memorial"]
[Site "Sochi URS"]
[Date "1990.??.??"]
[Round "?"]
[White "Beshukov, Sergei"]
[Black "Tuzan, Oleg"]
[WhiteElo "2335"]
[BlackElo "2200"]
[Result "1-0"]
[EventDate "1990.??.??"]
[PlyCount "73"]

1. e4 e6 2. d3 c5 3. g3 Nc6 4. Bg2 d5 5. Nd2 Nf6 6. Ngf3 Be7 7. O-O b6 8. Re1 Bb7 9. c3 Qc7 10. h4 O-O-O 11. e5 Nd7 12. d4 h6 13. Nf1 Rdg8 14. Ne3 g5 15. h5 f5 16. exf6 Nxf6 17. Nh2 Bd6 18. Neg4 Nxh5 19. Rxe6 Nd8 20. Rxh6 Qg7 21. Rxd6 Qf8 22. dxc5 bxc5 23. Rxd5 Bxd5 24. Qxd5 Nf6 25. Qf5+ Nd7 26. Qxf8 Nxf8 27. Be3 Nfe6 28. Bd5 Rg7 29. Kg2 Rf8 30. Nf3 Kd7 31. Nfe5+ Ke7 32. Re1 Kd6 33. Rd1 Kc7 34. b4 cxb4 35. cxb4 Kb8 36. Bxe6 Nxe6 37. Nd7+ 1-0

[Event "24th Mikhail Chigorin Memorial"]
[Site "Sochi URS"]
[Date "1990.??.??"]
[Round "?"]
[White "Bykhovsky, Avigdor"]
[Black "Fischer, Joerg"]
[WhiteElo "2480"]
[BlackElo "2325"]
[Result "1/2-1/2"]
[EventDate "1990.??.??"]
[PlyCount "94"]

1. d4 Nf6 2. c4 g6 3. Nc3 Bg7 4. e4 O-O 5. Bg5 c6 6. Bd3 d5 7. cxd5 cxd5 8. e5 Nfd7 9. Nge2 Nc6 10. h4 f6 11. exf6 Nxf6 12. Qd2 Qa5 13. Rc1 Rf7 14. O-O Bd7 15. a3 e5 16. b4 Qxa3 17. Bxf6 Bxf6 18. Nxd5 Be6 19. Ra1 Qb3 20. Nb6 Qxb4 21. Qxb4 Nxb4 22. Nxa8 Nxd3 23. Rxa7 exd4 24. Nb6 Nb2 25. Nf4 Bf5 26. Nbd5 Bxh4 27. Ra2 Nd3 28. Nxd3 Bxd3 29. Rd1 Bc4 30. Ra8+ Kg7 31. g3 Bxd5 32. Rxd4 Bxg3 33. fxg3 Bc6 34. Ra3 Rf3 35. Rxf3 Bxf3 36. Kf2 Bc6 37. Ke3 Kf6 38. Kf4 h6 39. Rd6+ Kg7 40. Ke5 h5 41. Kf4 Kh6 42. Re6 Bb5 43. Rd6 Bf1 44. Rb6 Bg2 45. Re6 b5 46. Rb6 Bf1 47. Rd6 Bc4 1/2-1/2

[Event "24th Mikhail Chigorin Memorial"]
[Site "Sochi URS"]
[Date "1990.??.??"]
[Round "?"]
[White "Bykhovsky, Avigdor"]
[Black "Tseshkovsky, Vitaly"]
[WhiteElo "2480"]
[BlackElo "2490"]
[Result "1/2-1/2"]
[EventDate "1990.??.??"]
[PlyCount "62"]

1. e4 e5 2. Nf3 Nc6 3. Bb5 a6 4. Ba4 Nf6 5. O-O Be7 6. Re1 d6 7. c3 Bg4 8. d3 Nd7 9. Be3 O-O 10. Nbd2 b5 11. Bc2 Nb6 12. h3 Bd7 13. Rc1 Re8 14. Nf1 Bf8 15. Ng3 Ne7 16. Bb3 h6 17. Nh2 Ng6 18. Nf5 Be6 19. Qg4 Nd7 20. Bxe6 Rxe6 21. h4 Nf6 22. Qf3 Nh7 23. g3 Ne7 24. g4 Kh8 25. Kh1 Ng8 26. Qh3 g6 27. Ng3 Bg7 28. c4 Re8 29. Nf3 Qd7 30. Kg2 c6 31. h5 g5 1/2-1/2

[Event "24th Mikhail Chigorin Memorial"]
[Site "Sochi URS"]
[Date "1990.??.??"]
[Round "?"]
[White "Bykhovsky, Avigdor"]
[Black "Tuzan, Oleg"]
[WhiteElo "2480"]
[BlackElo "2200"]
[Result "1-0"]
[EventDate "1990.??.??"]
[PlyCount "113"]

1. d4 Nf6 2. c4 g6 3. Nc3 Bg7 4. e4 d6 5. Be2 c5 6. d5 b5 7. cxb5 a6 8. Nf3 O-O 9. O-O axb5 10. Bxb5 Ba6 11. Bxa6 Rxa6 12. Re1 Nbd7 13. h3 Nb6 14. Bd2 Nfd7 15. Qc1 Nc4 16. Bh6 Qb6 17. Bxg7 Kxg7 18. b3 Nce5 19. Nxe5 Nxe5 20. Qe3 c4 21. Qxb6 Rxb6 22. bxc4 Nxc4 23. Rab1 Rfb8 24. Rxb6 Rxb6 25. Rb1 Rxb1+ 26. Nxb1 Kf6 27. f4 g5 28. g3 gxf4 29. gxf4 e5 30. dxe6 Kxe6 31. Nc3 f5 32. Kf2 fxe4 33. Nxe4 d5 34. Ng3 d4 35. Ke2 Kd5 36. f5 Ke5 37. f6 Kxf6 38. Kd3 Na5 39. Kxd4 Kg5 40. Kc5 Nb7+ 41. Kc6 Nd8+ 42. Kb6 Nf7 43. a4 Nd6 44. Ne4+ Nxe4 45. Kc6 Nf2 46. a5 Nd3 47. Kb5 Nf4 48. a6 Nd5 49. a7 h5 50. Kc6 Nf4 51. a8=Q Nxh3 52. Kd5 h4 53. Ke4 Kg4 54. Qg8+ Ng5+ 55. Ke5 h3 56. Kf6 h2 57. Qxg5+ 1-0

[Event "24th Mikhail Chigorin Memorial"]
[Site "Sochi URS"]
[Date "1990.??.??"]
[Round "?"]
[White "Douven, Rudy"]
[Black "Ikonnikov, Vyacheslav"]
[WhiteElo "2410"]
[BlackElo "2485"]
[Result "0-1"]
[EventDate "1990.??.??"]
[PlyCount "64"]

1. d4 Nf6 2. c4 e6 3. Nf3 d5 4. Nc3 Bb4 5. Bg5 Nbd7 6. e3 c5 7. cxd5 exd5 8. Be2 Qa5 9. O-O c4 10. Qc2 Bxc3 11. bxc3 Ne4 12. Rac1 Nxg5 13. Nxg5 Nf6 14. e4 h6 15. Nxf7 Kxf7 16. e5 Nh7 17. Bh5+ Kg8 18. Qg6 Nf8 19. Qf7+ Kh7 20. f4 Bd7 21. f5 Rg8 22. Bg6+ Kh8 23. e6 Nxg6 24. exd7 Nf8 25. Rfe1 Rd8 26. Re7 Qa3 27. Rf1 Qxc3 28. Qxd5 Nh7 29. Qd6 Nf6 30. h3 Qa5 31. Rf7 Qb6 32. Qe5 Nxd7 {Ftacnik,L} 0-1

[Event "24th Mikhail Chigorin Memorial"]
[Site "Sochi URS"]
[Date "1990.??.??"]
[Round "?"]
[White "Douven, Rudy"]
[Black "Luther, Thomas"]
[WhiteElo "2410"]
[BlackElo "2385"]
[Result "0-1"]
[EventDate "1990.??.??"]
[PlyCount "50"]

1. d4 e6 2. c4 Bb4+ 3. Bd2 a5 4. Nc3 d6 5. Nf3 f5 6. e3 Nf6 7. Bd3 b6 8. Qc2 O-O 9. a3 Bxc3 10. Bxc3 Qe8 11. O-O-O Bb7 12. d5 Na6 13. e4 fxe4 14. Bxe4 Nxe4 15. Qxe4 Nc5 16. Qc2 e5 17. b4 axb4 18. axb4 Na4 19. Be1 Bc8 20. Kd2 Bf5 21. Qb3 b5 22. Rc1 Nb6 23. c5 Nc4+ 24. Rxc4 bxc4 25. Qxc4 Ra3 0-1

[Event "24th Mikhail Chigorin Memorial"]
[Site "Sochi URS"]
[Date "1990.??.??"]
[Round "?"]
[White "Douven, Rudy"]
[Black "Panchenko, Alexander"]
[WhiteElo "2410"]
[BlackElo "2430"]
[Result "1/2-1/2"]
[EventDate "1990.??.??"]
[PlyCount "120"]

1. d4 Nf6 2. c4 e6 3. Nf3 d5 4. Bg5 c6 5. e3 Nbd7 6. Bd3 Qa5+ 7. Nbd2 dxc4 8. Bxc4 Ne4 9. Bf4 g5 10. Bc7 Qxc7 11. Nxe4 h6 12. Nfd2 Be7 13. Rc1 Nf6 14. a3 Bd7 15. Nxf6+ Bxf6 16. Ne4 Bg7 17. b4 O-O-O 18. O-O Kb8 19. Qb3 Bc8 20. a4 Bf8 21. b5 f5 22. Nc3 c5 23. Bxe6 Bxe6 24. Qxe6 Qd7 25. Qxd7 Rxd7 26. Ne2 cxd4 27. Nxd4 f4 28. Rc4 Bg7 29. Nf5 fxe3 30. fxe3 Be5 31. Nxh6 Bxh2+ 32. Kxh2 Rxh6+ 33. Kg3 a5 34. Rf5 Re6 35. e4 Rd3+ 36. Kg4 Re3 37. Rf8+ Ka7 38. Kxg5 Rg3+ 39. Kf5 Reg6 40. Rf6 R3g5+ 41. Ke6 Rg8 42. Rc7 Rxg2 43. Rff7 Re8+ 44. Rfe7 Rxe7+ 45. Kxe7 Rb2 46. e5 Rb4 47. e6 Rxa4 48. Kd6 Kb6 49. Rc8 Rd4+ 50. Ke5 Rd2 51. e7 Re2+ 52. Kf6 Kxb5 53. e8=Q+ Rxe8 54. Rxe8 a4 55. Ke5 Kc4 56. Rc8+ Kb3 57. Kd4 a3 58. Rb8 a2 59. Rxb7+ Kc2 60. Ra7 Kb2 1/2-1/2

[Event "24th Mikhail Chigorin Memorial"]
[Site "Sochi URS"]
[Date "1990.??.??"]
[Round "?"]
[White "Fischer, Joerg"]
[Black "Douven, Rudy"]
[WhiteElo "2325"]
[BlackElo "2410"]
[Result "1/2-1/2"]
[EventDate "1990.??.??"]
[PlyCount "51"]

1. d4 Nf6 2. Nf3 g6 3. Bf4 d6 4. h3 Bg7 5. e3 O-O 6. Be2 Nc6 7. O-O Ne4 8. Nbd2 Nxd2 9. Qxd2 e5 10. Bg3 e4 11. Ne1 Bf5 12. c4 h5 13. Nc2 h4 14. Bh2 Qe7 15. b4 Nb8 16. c5 Nd7 17. cxd6 cxd6 18. Na3 Nf6 19. Rac1 Rfd8 20. Rc2 Bf8 21. d5 Ne8 22. Rfc1 Bg7 23. Nc4 Bd7 24. Na5 Ba4 25. Rc4 Bb5 26. R4c2 1/2-1/2

[Event "24th Mikhail Chigorin Memorial"]
[Site "Sochi URS"]
[Date "1990.??.??"]
[Round "?"]
[White "Fischer, Joerg"]
[Black "Kholmov, Ratmir"]
[WhiteElo "2325"]
[BlackElo "2480"]
[Result "0-1"]
[EventDate "1990.??.??"]
[PlyCount "46"]

1. d4 Nf6 2. Nf3 e6 3. Bg5 c5 4. c3 h6 5. Bh4 cxd4 6. Nxd4 d5 7. Nd2 Be7 8. e3 O-O 9. f4 Nc6 10. Bd3 e5 11. Nxc6 bxc6 12. Bxf6 Bxf6 13. fxe5 Bxe5 14. Qh5 Qe7 15. O-O Bxc3 16. Qe2 Bxb2 17. Rad1 g6 18. Qf3 Bg4 19. Qxg4 Qxe3+ 20. Rf2 Qxd3 21. Nb3 Qe3 22. Kf1 Bg7 23. Qd7 Qe6 0-1

[Event "24th Mikhail Chigorin Memorial"]
[Site "Sochi URS"]
[Date "1990.??.??"]
[Round "?"]
[White "Fischer, Joerg"]
[Black "Luther, Thomas"]
[WhiteElo "2325"]
[BlackElo "2385"]
[Result "1/2-1/2"]
[EventDate "1990.??.??"]
[PlyCount "42"]

1. g3 Nf6 2. Bg2 d5 3. f4 c6 4. Nh3 Qb6 5. Nf2 Nbd7 6. d4 g6 7. c3 Bg7 8. Qb3 a5 9. Qxb6 Nxb6 10. b3 a4 11. Ba3 Ng4 12. Nxg4 Bxg4 13. Nd2 f6 14. Kf2 e5 15. c4 e4 16. Rhc1 Nd7 17. e3 axb3 18. axb3 Bf8 19. c5 Be7 20. Rc2 Ra7 21. h3 Be6 1/2-1/2

[Event "24th Mikhail Chigorin Memorial"]
[Site "Sochi URS"]
[Date "1990.??.??"]
[Round "?"]
[White "Fischer, Joerg"]
[Black "Ruban, Vadim"]
[WhiteElo "2325"]
[BlackElo "2555"]
[Result "0-1"]
[EventDate "1990.??.??"]
[PlyCount "84"]

1. d4 Nf6 2. Nf3 d5 3. c4 e6 4. e3 c5 5. Nc3 Nc6 6. dxc5 Bxc5 7. cxd5 exd5 8. Be2 O-O 9. O-O a6 10. b3 Qd6 11. Bb2 Ba7 12. Rc1 Bg4 13. Rc2 Rad8 14. Rd2 Rfe8 15. h3 Bh5 16. Nh4 Bb8 17. g3 Bxe2 18. Nxe2 Ne4 19. Bxg7 Qe6 20. Bb2 Nxd2 21. Qxd2 Qxh3 22. e4 Qg4 23. Nf5 Qg6 24. Nh6+ Kf8 25. exd5 Ne5 26. Nd4 Rxd5 27. Ba3+ Bd6 28. Bxd6+ Qxd6 29. Nhf5 Nf3+ 30. Nxf3 Rxd2 31. Nxd6 Rxd6 32. Rc1 Rc6 33. Rxc6 bxc6 34. Kf1 Ke7 35. Ke2 Kd6+ 36. Kd3 Kc5 37. a3 h6 38. Nd2 Re1 39. g4 Kd5 40. Nc4 Ra1 41. f4 Ke6 42. Kd4 f5 {Ftacnik,L} 0-1

[Event "24th Mikhail Chigorin Memorial"]
[Site "Sochi URS"]
[Date "1990.??.??"]
[Round "?"]
[White "Fischer, Joerg"]
[Black "Shabanov, Yuri"]
[WhiteElo "2325"]
[BlackElo "2375"]
[Result "1/2-1/2"]
[EventDate "1990.??.??"]
[PlyCount "59"]

1. d4 d5 2. Nf3 Nf6 3. e3 c6 4. Bd3 Bg4 5. Nbd2 Nbd7 6. c3 e6 7. e4 dxe4 8. Nxe4 Nxe4 9. Bxe4 Nf6 10. Bg5 Be7 11. Bxf6 Bxf6 12. O-O Qc7 13. Re1 O-O 14. Qd3 Bxf3 15. Qxf3 Rfd8 16. h4 Rd6 17. h5 h6 18. Re3 Rad8 19. Rae1 a5 20. Qg3 R6d7 21. f4 c5 22. d5 exd5 23. Bc2 Kf8 24. Ba4 b5 25. Bxb5 Re7 26. Qg4 Rxe3 27. Rxe3 c4 28. Qe2 Kg8 29. g3 Qb8 30. Re8+ 1/2-1/2

[Event "24th Mikhail Chigorin Memorial"]
[Site "Sochi URS"]
[Date "1990.??.??"]
[Round "?"]
[White "Ikonnikov, Vyacheslav"]
[Black "Bykhovsky, Avigdor"]
[WhiteElo "2485"]
[BlackElo "2480"]
[Result "1/2-1/2"]
[EventDate "1990.??.??"]
[PlyCount "24"]

1. d4 d5 2. Nf3 Nf6 3. c4 c6 4. cxd5 cxd5 5. Nc3 Nc6 6. Bf4 Bf5 7. e3 e6 8. Bd3 Bxd3 9. Qxd3 Be7 10. O-O O-O 11. h3 Rc8 12. Rfc1 Nd7 1/2-1/2

[Event "24th Mikhail Chigorin Memorial"]
[Site "Sochi URS"]
[Date "1990.??.??"]
[Round "?"]
[White "Ikonnikov, Vyacheslav"]
[Black "Fischer, Joerg"]
[WhiteElo "2485"]
[BlackElo "2325"]
[Result "1-0"]
[EventDate "1990.??.??"]
[PlyCount "131"]

1. d4 Nf6 2. Nf3 g6 3. c4 Bg7 4. Nc3 O-O 5. e4 c6 6. e5 Ne8 7. Be2 d6 8. Bf4 dxe5 9. Bxe5 Bg4 10. O-O Nd7 11. Bxg7 Nxg7 12. Re1 Bxf3 13. Bxf3 Nf6 14. Qd2 Qd7 15. Rad1 Rad8 16. d5 Nf5 17. Qf4 c5 18. Re5 a6 19. Rde1 Qd6 20. Qg5 Kh8 21. Bd1 Nd7 22. R5e2 f6 23. Qc1 Ne5 24. Ne4 Qc7 25. Rd2 g5 26. Qc3 Rg8 27. b3 b6 28. Bc2 Nd4 29. Ng3 e6 30. Be4 Qf7 31. b4 Nxc4 32. Qxc4 exd5 33. Qxa6 dxe4 34. Red1 Qc7 35. bxc5 Qxc5 36. Nxe4 Qb4 37. Nxf6 Ne6 38. Rxd8 Rxd8 39. Rxd8+ Nxd8 40. g3 Qd4 41. Ne8 Qe5 42. Qxb6 Qxe8 43. Qf6+ Kg8 44. Qxg5+ Kf8 45. Qh6+ Kg8 46. Qg5+ Kf8 47. Qf5+ Kg7 48. a4 Nf7 49. a5 Qe2 50. Kg2 Qa6 51. h4 Nd6 52. Qd7+ Kf6 53. Qd8+ Ke6 54. Qg8+ Kf6 55. Qf8+ Kg6 56. g4 Qb7+ 57. Kg3 Nf7 58. Qc5 Qh1 59. Qb6+ Kg7 60. Qd4+ Kf8 61. a6 Qg1+ 62. Kf3 Qh1+ 63. Ke2 Qh3 64. Qb4+ Kg7 65. a7 Qh1 66. Qc3+ 1-0

[Event "24th Mikhail Chigorin Memorial"]
[Site "Sochi URS"]
[Date "1990.??.??"]
[Round "?"]
[White "Ikonnikov, Vyacheslav"]
[Black "Tseshkovsky, Vitaly"]
[WhiteElo "2485"]
[BlackElo "2490"]
[Result "1/2-1/2"]
[EventDate "1990.??.??"]
[PlyCount "25"]

1. d4 Nf6 2. Nf3 g6 3. c4 Bg7 4. Nc3 d5 5. cxd5 Nxd5 6. e4 Nxc3 7. bxc3 c5 8. Bb5+ Nc6 9. O-O cxd4 10. cxd4 O-O 11. Be3 Bg4 12. Bxc6 bxc6 13. Rc1 1/2-1/2

[Event "24th Mikhail Chigorin Memorial"]
[Site "Sochi URS"]
[Date "1990.??.??"]
[Round "?"]
[White "Kholmov, Ratmir"]
[Black "Douven, Rudy"]
[WhiteElo "2480"]
[BlackElo "2410"]
[Result "1-0"]
[EventDate "1990.??.??"]
[PlyCount "80"]

1. e4 c6 2. d4 d5 3. Nc3 g6 4. Nf3 Bg4 5. h3 Bxf3 6. Qxf3 e6 7. Bf4 Bg7 8. O-O-O Nf6 9. Bg5 h6 10. Bh4 g5 11. Bg3 Nxe4 12. Nxe4 dxe4 13. Qxe4 Qd5 14. Qxd5 cxd5 15. c4 O-O 16. cxd5 exd5 17. h4 g4 18. Be5 Nc6 19. Bxg7 Kxg7 20. g3 Rfe8 21. Bg2 Rad8 22. Rd2 Re6 23. b3 Kf8 24. f3 Re3 25. Rf1 Nb4 26. fxg4 Rxg3 27. Bf3 Rc8+ 28. Kb2 Re8 29. Ka3 a5 30. Ka4 Re3 31. Bh1 Rxg4 32. Kxa5 Nc6+ 33. Kb6 Rg6 34. Kc5 Rc3+ 35. Kb5 Ne7 36. Rdf2 f5 37. Bxd5 Rd6 38. Be4 Rxd4 39. Bxf5 Rd5+ 40. Kb4 Rdc5 1-0

[Event "24th Mikhail Chigorin Memorial"]
[Site "Sochi URS"]
[Date "1990.??.??"]
[Round "?"]
[White "Kholmov, Ratmir"]
[Black "Luther, Thomas"]
[WhiteElo "2480"]
[BlackElo "2385"]
[Result "1/2-1/2"]
[EventDate "1990.??.??"]
[PlyCount "53"]

1. e4 e6 2. d4 d5 3. e5 c5 4. c3 Nc6 5. Nf3 Bd7 6. Be2 Nh6 7. Bxh6 gxh6 8. O-O Qb6 9. Qd2 Bg7 10. Na3 cxd4 11. cxd4 O-O 12. Nc2 f6 13. exf6 Rxf6 14. b4 Raf8 15. b5 Ne7 16. Ne5 Be8 17. a4 h5 18. a5 Qd8 19. Ra3 Ng6 20. Bxh5 Nxe5 21. dxe5 Rf5 22. Bxe8 Qxe8 23. Rg3 Kh8 24. Ne3 Rf4 25. Ng4 Qxb5 26. h3 Qb4 27. Qa2 1/2-1/2

[Event "24th Mikhail Chigorin Memorial"]
[Site "Sochi URS"]
[Date "1990.??.??"]
[Round "?"]
[White "Kholmov, Ratmir"]
[Black "Ruban, Vadim"]
[WhiteElo "2480"]
[BlackElo "2555"]
[Result "0-1"]
[EventDate "1990.??.??"]
[PlyCount "118"]

1. e4 c5 2. Nf3 d6 3. d4 cxd4 4. Nxd4 Nf6 5. Nc3 e6 6. g3 Nc6 7. Bg2 Bd7 8. O-O Be7 9. Re1 O-O 10. Nxc6 Bxc6 11. a4 Qb8 12. Bf4 Ne8 13. Qd3 Bf6 14. b3 a6 15. Rad1 Qc7 16. Na2 Be5 17. Bd2 b6 18. Nb4 Bb7 19. c4 Rd8 20. Be3 Bf6 21. Re2 Rb8 22. Rc2 Be7 23. Bf4 Rd8 24. Qe2 Nf6 25. Rcd2 h6 26. h4 a5 27. e5 dxe5 28. Bxe5 Rxd2 29. Rxd2 Qc8 30. Nc2 Bxg2 31. Kxg2 Qa8+ 32. f3 Rd8 33. Bc7 Rxd2 34. Qxd2 Qb7 35. Bd8 Kf8 36. Bxe7+ Kxe7 37. Qd4 Qc7 38. b4 axb4 39. Nxb4 Qd6 40. Qc3 Nh5 41. Qe1 f5 42. Nc2 g5 43. hxg5 hxg5 44. Ne3 Kf7 45. Nf1 Qc6 46. Qb4 g4 47. Nd2 Qc7 48. Nf1 gxf3+ 49. Kxf3 Qc6+ 50. Kf2 Nf6 51. Qb5 Ng4+ 52. Kg1 Qd6 53. Qb2 e5 54. Qd2 Qc5+ 55. Kg2 Ke6 56. Qe2 Qc6+ 57. Kg1 Qxa4 58. Nh2 Qa1+ 59. Kg2 Qd1 0-1

[Event "24th Mikhail Chigorin Memorial"]
[Site "Sochi URS"]
[Date "1990.??.??"]
[Round "?"]
[White "Luther, Thomas"]
[Black "Beshukov, Sergei"]
[WhiteElo "2385"]
[BlackElo "2335"]
[Result "1-0"]
[EventDate "1990.??.??"]
[PlyCount "69"]

1. e4 c5 2. Nf3 Nc6 3. d4 cxd4 4. Nxd4 Nf6 5. Nc3 e5 6. Ndb5 d6 7. Bg5 a6 8. Na3 b5 9. Bxf6 gxf6 10. Nd5 Bg7 11. Bd3 Ne7 12. Nxe7 Qxe7 13. c4 f5 14. O-O O-O 15. Qh5 f4 16. Nb1 Be6 17. cxb5 axb5 18. Bxb5 f5 19. Nc3 Rad8 20. Bc6 Rc8 21. Bd5 Bxd5 22. Nxd5 Qe6 23. Qh3 Kh8 24. Rac1 Rb8 25. b3 Qf7 26. Rc7 Qe8 27. exf5 Rf7 28. f6 Bf8 29. Rfc1 Rxc7 30. Rxc7 Qg6 31. Rc1 Re8 32. Qc3 Bh6 33. f3 Rg8 34. Qc2 e4 35. Ne7 1-0

[Event "24th Mikhail Chigorin Memorial"]
[Site "Sochi URS"]
[Date "1990.??.??"]
[Round "?"]
[White "Luther, Thomas"]
[Black "Bykhovsky, Avigdor"]
[WhiteElo "2385"]
[BlackElo "2480"]
[Result "1/2-1/2"]
[EventDate "1990.??.??"]
[PlyCount "78"]

1. e4 c5 2. Nf3 d6 3. d4 cxd4 4. Nxd4 Nf6 5. Nc3 a6 6. Bg5 e6 7. f4 Nc6 8. e5 h6 9. Bh4 dxe5 10. Nxc6 Qxd1+ 11. Rxd1 bxc6 12. fxe5 Nd5 13. Ne4 Rb8 14. b3 Be7 15. Nd6+ Bxd6 16. exd6 Kd7 17. Bd3 Nc3 18. Rd2 f6 19. O-O Nxa2 20. Bc4 Nc3 21. Bxe6+ Kxe6 22. Re1+ Kf5 23. d7 Bxd7 24. Rxd7 g5 25. Bf2 Rbd8 26. Rde7 Rc8 27. Ra7 Rhd8 28. Rxa6 Rd2 29. Ra5+ Kg6 30. Rc5 Rxc2 31. Kf1 Rd8 32. Rxc6 Rdd2 33. Be3 Rd3 34. b4 Rb2 35. Rxc3 Rxc3 36. Bd4 Rcb3 37. Bxb2 Rxb2 38. Re4 Kf5 39. Rc4 Ke5 1/2-1/2

[Event "24th Mikhail Chigorin Memorial"]
[Site "Sochi URS"]
[Date "1990.??.??"]
[Round "?"]
[White "Luther, Thomas"]
[Black "Ikonnikov, Vyacheslav"]
[WhiteElo "2385"]
[BlackElo "2485"]
[Result "0-1"]
[EventDate "1990.??.??"]
[PlyCount "56"]

1. e4 c5 2. Nf3 Nc6 3. d4 cxd4 4. Nxd4 Nf6 5. Nc3 e5 6. Ndb5 d6 7. Bg5 a6 8. Na3 Be6 9. Nc4 Rc8 10. Nd5 Bxd5 11. Bxf6 gxf6 12. exd5 Ne7 13. c3 f5 14. Qb3 b5 15. Ne3 Bh6 16. a4 Bxe3 17. fxe3 Qb6 18. axb5 Qxe3+ 19. Be2 axb5 20. Qxb5+ Kf8 21. Rf1 Rg8 22. g3 f4 23. gxf4 e4 24. f5 Rg2 25. f6 Nxd5 26. Qa6 Re8 27. Rd1 Nxc3 28. Rd2 Nxe2 0-1

[Event "24th Mikhail Chigorin Memorial"]
[Site "Sochi URS"]
[Date "1990.??.??"]
[Round "?"]
[White "Luther, Thomas"]
[Black "Panchenko, Alexander"]
[WhiteElo "2385"]
[BlackElo "2430"]
[Result "1/2-1/2"]
[EventDate "1990.??.??"]
[PlyCount "42"]

1. e4 c5 2. Nf3 d6 3. d4 cxd4 4. Nxd4 Nf6 5. Nc3 Nc6 6. Bg5 e6 7. Qd2 a6 8. O-O-O h6 9. Be3 Be7 10. f4 Nxd4 11. Bxd4 b5 12. Bd3 Bb7 13. Rhe1 O-O 14. e5 dxe5 15. Bxe5 Nd7 16. Qe2 Qc8 17. Bxg7 Kxg7 18. Qg4+ Kh8 19. Qh5 Kg7 20. Qg4+ Kh8 21. Qh5 Kg7 1/2-1/2

[Event "24th Mikhail Chigorin Memorial"]
[Site "Sochi URS"]
[Date "1990.??.??"]
[Round "?"]
[White "Luther, Thomas"]
[Black "Ruban, Vadim"]
[WhiteElo "2385"]
[BlackElo "2555"]
[Result "1/2-1/2"]
[EventDate "1990.??.??"]
[PlyCount "21"]

1. e4 c5 2. Nf3 d6 3. d4 cxd4 4. Nxd4 Nf6 5. Nc3 Nc6 6. Bg5 e6 7. Qd2 a6 8. O-O-O h6 9. Be3 Nxd4 10. Bxd4 b5 11. Qe3 1/2-1/2

[Event "24th Mikhail Chigorin Memorial"]
[Site "Sochi URS"]
[Date "1990.??.??"]
[Round "?"]
[White "Panchenko, Alexander"]
[Black "Beshukov, Sergei"]
[WhiteElo "2430"]
[BlackElo "2335"]
[Result "1-0"]
[EventDate "1990.??.??"]
[PlyCount "44"]

1. Nf3 f5 2. g3 Nf6 3. Bg2 g6 4. O-O Bg7 5. d4 O-O 6. c4 d6 7. Nc3 c6 8. b3 Qa5 9. Bd2 Qc7 10. d5 h6 11. Rc1 Nh5 12. e4 e5 13. dxe6 Bxe6 14. exf5 Bxf5 15. Nh4 Qf7 16. g4 Bd3 17. gxh5 Bxf1 18. Qxf1 g5 19. Ng6 Re8 20. Ne4 Qe6 21. Re1 Qd7 22. Qd3 Rd8 1-0